The Penguin dictionary of American folklore / (Record no. 200468135)

MARC details
000 -LEADER
fixed length control field 01478cam a2200433 i 4500
001 - CONTROL NUMBER
control field 200468135
003 - CONTROL NUMBER IDENTIFIER
control field TR-AnTOB
005 - DATE AND TIME OF LATEST TRANSACTION
control field 20260416095057.0
007 - PHYSICAL DESCRIPTION FIXED FIELD--GENERAL INFORMATION
fixed length control field ta
008 - FIXED-LENGTH DATA ELEMENTS--GENERAL INFORMATION
fixed length control field 260416r20012000nyua bd 000 0 eng
010 ## - LIBRARY OF CONGRESS CONTROL NUMBER
LC control number 99014073
020 ## - INTERNATIONAL STANDARD BOOK NUMBER
International Standard Book Number 0141002409
Qualifying information (paperback)
International Standard Book Number 9780141002408
Qualifying information (paperback)
International Standard Book Number 0670887528
Qualifying information acid-free paper
International Standard Book Number 9780670887521
Qualifying information (acid-free paper)
035 ## - SYSTEM CONTROL NUMBER
System control number 4520620
System control number (TR-AnTOB)200468135
040 ## - CATALOGING SOURCE
Original cataloging agency DLC
Language of cataloging eng
Description conventions rda
Transcribing agency DLC
Modifying agency DLC
-- TR-AnTOB
041 0# - LANGUAGE CODE
Language code of text/sound track or separate title İngilizce
043 ## - GEOGRAPHIC AREA CODE
Geographic area code n-us---
050 04 - LIBRARY OF CONGRESS CALL NUMBER
Classification number GR105.34
Item number .A9457 2001
090 ## - LOCALLY ASSIGNED LC-TYPE CALL NUMBER (OCLC); LOCAL CALL NUMBER (RLIN)
Classification number (OCLC) (R) ; Classification number, CALL (RLIN) (NR) GR105.34
Local cutter number (OCLC) ; Book number/undivided call number, CALL (RLIN) .A9457 2001
100 1# - MAIN ENTRY--PERSONAL NAME
Personal name Axelrod, Alan,
Dates associated with a name 1952-
Relator term author
Relator code aut
9 (RLIN) 153700
245 14 - TITLE STATEMENT
Title The Penguin dictionary of American folklore /
Statement of responsibility, etc. Alan Axelrod and Harry Oster with Walton Rawls.
264 #1 - PRODUCTION, PUBLICATION, DISTRIBUTION, MANUFACTURE, AND COPYRIGHT NOTICE
Place of production, publication, distribution, manufacture New York :
Name of producer, publisher, distributor, manufacturer Penguin Reference,
Date of production, publication, distribution, manufacture, or copyright notice 2001.
300 ## - PHYSICAL DESCRIPTION
Extent x, 527 pages :
Other physical details illustrations ;
Dimensions 25 cm
336 ## - CONTENT TYPE
Content type term text
Content type code txt
Source rdacontent
337 ## - MEDIA TYPE
Media type term unmediated
Media type code n
Source rdamedia
338 ## - CARRIER TYPE
Carrier type term volume
Carrier type code nc
Source rdacarrier
504 ## - BIBLIOGRAPHY, ETC. NOTE
Bibliography, etc. note Includes bibliographical references.
650 #0 - SUBJECT ADDED ENTRY--TOPICAL TERM
Topical term or geographic name entry element Folklore
Geographic subdivision United States
Form subdivision Dictionaries
9 (RLIN) 153073
651 #0 - SUBJECT ADDED ENTRY--GEOGRAPHIC NAME
Geographic name United States
General subdivision Social life and customs
Form subdivision Dictionaries
9 (RLIN) 40805
655 #7 - INDEX TERM--GENRE/FORM
Genre/form data or focus term Dictionaries
Source of term lcgft
Authority record control number https://id.loc.gov/authorities/genreForms/gf2014026086
9 (RLIN) 54730
700 1# - ADDED ENTRY--PERSONAL NAME
Personal name Oster, Harry
Relator term author
Relator code aut
9 (RLIN) 153701
Personal name Rawls, Walton H.
Relator term author
Relator code aut
9 (RLIN) 153702
942 ## - ADDED ENTRY ELEMENTS (KOHA)
Source of classification or shelving scheme Library of Congress Classification
Koha item type Book
Holdings
Withdrawn status Lost status Source of classification or shelving scheme Damaged status Not for loan Collection code Home library Current library Shelving location Date acquired Source of acquisition Total Checkouts Full call number Barcode Date last seen Copy number Date shelved Koha item type Public note
    LC Turkish – label spacing Kullanılmış / Used Ödünç Verilemez-Kurumiçi kullanım / Not for loan-For inhouse use Referans-Konuya özel-Genel Koleksiyonla birlikte Tıp Fakültesi Medikal Kütüphane Tıp Fakültesi Medikal Kütüphane Genel Koleksiyon - Referans / General Collection - Reference 18/03/2026 Bağış / Donation   REF GR105.34 .A9457 2001 TıpFaK TF03121 16/04/2026 1 16/04/2026 Book Donated by Prof. Dr. Şükrü Cin
Devinim Yazılım Eğitim Danışmanlık tarafından Koha'nın orjinal sürümü uyarlanarak geliştirilip kurulmuştur.